Оценка качества питьевой воды микрорайона "Зеленая долина 2"; Химия и химическая технология в XXI веке

Sonraí bibleagrafaíochta
Parent link:Химия и химическая технология в XXI веке.— 2016.— [С. 589-590]
Príomhchruthaitheoir: Волгин И. А.
Údar corparáideach: Национальный исследовательский Томский политехнический университет (ТПУ) Институт природных ресурсов (ИПР) Кафедра технологии органических веществ и полимерных материалов (ТОВПМ)
Rannpháirtithe: Мананкова А. А. Анна Анатольевна (научный руководитель)
Achoimre:Заглавие с экрана
Teanga:Rúisis
Foilsithe / Cruthaithe: 2016
Sraith:Химия и химическая технология (для школьников)
Ábhair:
Rochtain ar líne:http://earchive.tpu.ru/handle/11683/30850
Formáid: MixedMaterials Leictreonach Caibidil leabhair
KOHA link:https://koha.lib.tpu.ru/cgi-bin/koha/opac-detail.pl?biblionumber=619028

MARC

LEADER 00000naa2a2200000 4500
001 619028
005 20231101133036.0
035 |a (RuTPU)RU\TPU\conf\17421 
035 |a RU\TPU\conf\17420 
090 |a 619028 
100 |a 20160625d2016 k y0rusy50 ca 
101 0 |a rus 
102 |a RU 
105 |a y z 101zy 
135 |a drcn ---uucaa 
181 0 |a i  
182 0 |a b 
200 1 |a Оценка качества питьевой воды микрорайона "Зеленая долина 2"  |f И. А. Волгин  |g науч. рук. А. А. Мананкова 
203 |a Текст  |c электронный 
225 1 |a Химия и химическая технология (для школьников) 
230 |a 1 компьютерный файл (pdf; 552 Kb) 
300 |a Заглавие с экрана 
320 |a [Библиогр.: с. 590 (3 назв.)] 
463 0 |0 (RuTPU)RU\TPU\conf\17060  |t Химия и химическая технология в XXI веке  |o материалы XVII Международной научно-практической конференции студентов и молодых ученых имени профессора Л.П. Кулёва, посвященной 120-летию Томского политехнического университета, 17–20 мая 2016 г., г. Томск  |f Национальный исследовательский Томский политехнический университет (ТПУ) ; Институт природных ресурсов (ИПР) ; Институт физики высоких технологий (ИФВТ) ; Физико-технический институт (ФТИ) ; Сибур-Холдинг  |v [С. 589-590]  |d 2016 
610 1 |a труды учёных ТПУ 
610 1 |a электронный ресурс 
610 1 |a питьевая вода 
610 1 |a микрорайоны 
610 1 |a Томск 
610 1 |a СанПиНы 
610 1 |a хозяйственно-питьевое водоснабжение 
700 1 |a Волгин  |b И. А. 
702 1 |a Мананкова  |b А. А.  |c химик-органик  |c старший преподаватель Томского политехнического университета, кандидат химических наук  |f 1980-  |g Анна Анатольевна  |2 stltpush  |4 727 
712 0 2 |a Национальный исследовательский Томский политехнический университет (ТПУ)  |b Институт природных ресурсов (ИПР)  |b Кафедра технологии органических веществ и полимерных материалов (ТОВПМ)  |h 6832  |2 stltpush  |3 (RuTPU)RU\TPU\col\18659 
801 2 |a RU  |b 63413507  |c 20160926  |g RCR 
856 4 |u http://earchive.tpu.ru/handle/11683/30850 
942 |c BK